History of mathematical sciences

Gorde:
Xehetasun bibliografikoak
Formatua: Sách
Hizkuntza:Undetermined
Argitaratua: World Scientific  2004
Gaiak:
Etiketak: Etiketa erantsi
Etiketarik gabe, Izan zaitez lehena erregistro honi etiketa jartzen!
Thư viện lưu trữ: Trung tâm Thư viện - Trường Đại học Công nghiệp TP. Hồ Chí Minh
LEADER 00398nam a2200133Ia 4500
001 UIH_08028
008 231011s9999 xx 000 0 und d
082 |a  510 
245 0 |a  History of mathematical sciences 
260 |b World Scientific 
260 |c  2004 
650 |a  Toán học;  
927 |a Sách 
980 |a Trung tâm Thư viện - Trường Đại học Công nghiệp TP. Hồ Chí Minh